000 00278nam a22001337a 4500
008 260305b ||||| |||| 00| 0 eng d
020 _a9992732318
041 _aeng
080 _a2.1
100 _a32.1
101 _aJur
245 _aPronësia
_cAvni Shehu
942 _2lcc
_cBK
999 _c60868
_d60868